000 00481nam a2200121Ia 4500
008 220216s9999 xx 000 0 und d
100 _aZafar A
245 0 _aHigh yield sawmilling of rubberwood logs manufacture of up-market parquet flooring
260 _bIn: Proceedings of the Global Forum on Investment Opportunities in the Indian Rubberwood Industry, 19-21 March 1996, Cochin, India, 1996, pp.171-181
_c1996
650 _aParquet flooring
650 _aRubberwood
942 _cBO
999 _c48209
_d48209